Informe final. (Record no. 51414)

MARC details
000 -LEADER
fixed length control field 00803cam a22002411 4500
001 - CONTROL NUMBER
control field pa 60000007
003 - CONTROL NUMBER IDENTIFIER
control field DLC
005 - DATE AND TIME OF LATEST TRANSACTION
control field 20260227111854.0
008 - FIXED-LENGTH DATA ELEMENTS--GENERAL INFORMATION
fixed length control field 751009s1959 dcu i000 0 spa c
010 ## - LIBRARY OF CONGRESS CONTROL NUMBER
LC control number pa 60000007
035 ## - SYSTEM CONTROL NUMBER
System control number (OCoLC)1689448
040 ## - CATALOGING SOURCE
Original cataloging agency Pan American Union
Transcribing agency FU
Modifying agency DLC
042 ## - AUTHENTICATION CODE
Authentication code premarc
043 ## - GEOGRAPHIC AREA CODE
Geographic area code cl-----
050 00 - LIBRARY OF CONGRESS CALL NUMBER
Classification number HD7286
Item number .I48 1958
111 2# - MAIN ENTRY--MEETING NAME
Meeting name or jurisdiction name as entry element Inter-American Technical Meeting on Housing and Planning
Number of part/section/meeting (2nd :
Date of meeting or treaty signing 1958 :
Location of meeting Huampaní, Perú)
245 00 - TITLE STATEMENT
Title Informe final.
260 ## - PUBLICATION, DISTRIBUTION, ETC.
Place of publication, distribution, etc. Washington,
Name of publisher, distributor, etc. Unión Panamericana,
Date of publication, distribution, etc. 1959.
300 ## - PHYSICAL DESCRIPTION
Extent 59 p.
Dimensions 27cm.
500 ## - GENERAL NOTE
General note At head of title: Organización de los Estados Americanos. Consejo Interamericano Económico y Social.
500 ## - GENERAL NOTE
General note Issued also in English.
650 #0 - SUBJECT ADDED ENTRY--TOPICAL TERM
Topical term or geographic name entry element Housing
Geographic subdivision Latin America
Form subdivision Congresses.

No items available.

Powered by Koha